| 000 | 01959cab a2200301 a 4500 | ||
|---|---|---|---|
| 005 | 20240925065102.0 | ||
| 008 | 991125c2020 cl br p o 000 0 spa d | ||
| 035 | _aUPN01000235768 | ||
| 040 |
_aMX-MxUPN _bspa _eaacr2 |
||
| 049 | _aART-E | ||
| 100 | 1 |
_aLarrain, Antonia _6- alarrain@uahurtado.cl |
|
| 100 | 1 | _aBurrows, Felipe | |
| 245 | 1 | 4 |
_aLas pautas sí importan. Efecto del uso de pautas sobre la calidad de la escritura argumentativa en la universidad _h[recurso electrónico en línea] |
| 506 | 0 | _aAcceso abierto | |
| 520 | 3 | _aEste artículo reporta un estudio que evaluó el efecto de dos tipos de pautas o guías para orientar la escritura de ensayos argumentativos de estudiantes de psicología en una universidad chilena. Se realizó un estudio de análisis secundario con una base de datos que incluía el desempeño de 543 estudiantes (355 mujeres) que tomaron el curso de Psicología Educacional entre 2012 y 2018, y se comparó el desempeño de los estudiantes hasta el año 2015 (pauta 1) con el desempeño observado desde el año 2016 (pauta 2). Los análisis de covarianza mostraron diferencias estadísticamente significativas entre el desempeño de los estudiantes que habían usado ambos tipos de pauta, a favor de la pauta de mayor elaboración y explicitación. Esto muestra que las pautas apoyan la escritura argumentativa en la formación de psicología educacional. | |
| 650 | 7 |
_919242 _aEnsayo |
|
| 650 | 4 |
_aEducación superior _932 |
|
| 650 | 4 |
_aPsicología _938 |
|
| 653 | 0 | _aEscritura argumentativa | |
| 653 | 0 | _aPautas | |
| 653 | 0 | _aCalidad educativa | |
| 773 |
_gVol. 13, no. 1 (2020), p. 115-126 _tFormación universitaria _x0718-5006 |
||
| 856 | 4 | 0 | _uhttps://scielo.conicyt.cl/pdf/formuniv/v13n1/0718-5006-formuniv-13-01-115.pdf |
| 856 | 4 | 0 |
_uhttp://dx.doi.org/10.4067/S0718-50062020000100115 _zConsultar articulo completo |
| 905 | _aArticulo | ||
| 942 | _cART-E | ||
| 999 |
_c207863 _d207863 |
||